000 00598nam a2200181Ia 4500
008 090123s9999 xx 000 0 und d
082 _b1091
100 _aमाडगूळकर व्यंकटेश
245 _aजांभळाचे दिवस
250 _a2
260 _bकुलकर्णी अ.अ.
300 _a142
600 _aमाडगूळकर व्यंकटेश
630 _aजांभळाचे दिवस
700 _aमाडगूळकर व्यंकटेश
730 _aजांभळाचे दिवस
942 _cBOOK
999 _c39175
_d39175